000 03980cam a22012494i 4500
003 PE-LiUPU
005 20250813185443.0
008 150623s1999 ilu rb 000 0 eng d
020 _a0830815953
020 _a9780830815951
035 _a(Sirsi) i9780830815951
040 _aPE-LiUPU
_bspa
_cPE-LiUPU
_erda
049 _aPRUA
082 0 4 _a306.7
_bB17
_221
100 1 _aBalswick, Judith K.,
_eautor.
_91393
245 1 0 _aAuthentic human sexuality :
_ban integrated christian approach /
_cJudith K. Balswick.
264 1 _aDowners Grove, Illinois :
_bInterVarsity Press,
_c1999.
300 _a306 páginas ;
_c24 centímetros
336 _atext
_2rdacontent
337 _aunmediated
_2rdamedia
338 _avolume
_2rdacarrier
504 _aIncluye bibliografía.
505 0 _aThe origin & formation of sexuality: Authentic sexuality: biological and sociocultural contributors -- Principles of authentic sexuality -- Toward a theology of authentic sexual relationships -- Homosexuality: the complexity of explanations -- Homosexuality: a christian response -- Authentic sexuality: Sexual intimacy & singleness -- Premarital cohabitation: cautions and concerns -- Marital sexuality: maximizing sexual fulfilment -- Extramarital sex: causes and consequences -- Inauthentic sexuality: sexual harassment: the uninvited eroticizing of a relationship -- Sexual abuse: a violation deep within the soul -- Rape & sexual violence: destructive sexualized power -- Pornography & erotica -- Sexual addition -- Conclusion: The sexually authentic society -- Sexo -- Aspectos religiosos.
526 _aP202
526 _aP201
526 _aP163
526 _aP162
526 _aP161
526 _aP160
526 _aP148
526 _aP147
526 _aP146
526 _aP145
526 _aP144
526 _aP143
526 _aP142
526 _aP141
526 _aP140
526 _aP139
526 _aP138
526 _aP137
526 _aP136
526 _aP135
526 _aP134
526 _aP133
526 _aP129
526 _aP128
526 _aP127
526 _aP120
526 _aP119
526 _aP118
526 _aP116
526 _aP115
526 _aP114
526 _aP110
526 _aP109
526 _aP108
526 _aP104
526 _aP103
526 _aP102
526 _aP99
526 _aP98
526 _aP97
526 _aP96
526 _aP95
526 _aP93
526 _aP90
526 _aP89
526 _aP88
526 _aP83
526 _aP82
526 _aP62
526 _aP59
526 _aP58
526 _aP57
526 _aP51
526 _aP49
526 _aP48
526 _aP47
526 _aP29
526 _aP24
526 _aP20
526 _aP19
526 _aP17
526 _aP15
526 _aP14
526 _aP12
526 _aP10
526 _aP09
526 _aP08
526 _aP07
526 _aP06
526 _aP05
526 _aP04
526 _aP01
650 1 4 _aSexo
_xCristianismo.
650 2 4 _aÉtica sexual.
942 _2ddc
_cBOOK
949 _a306.7 B17
_wDEWEY
_c1
_i51536
_d2016-4-21
_e2016-4-17
_lCCODEBUL1
_mBUL
_n3
_r0
_sY
_tBOOK
_u2015-6-24
_xTEOLOGIA
_zUNKNOWN
_0COMPRA
_o.STAFF. Colección Teología
949 _a306.7 B17
_wDEWEY
_c2
_i50966
_lCCODEBUL1
_mBUL
_p15.00
_r0
_sY
_tBOOK
_u2015-6-24
_xTEOLOGIA
_PP35
_0COMPRA
_o.STAFF. Colección Teología
994 _aC0
_bPEPRU
596 _a1
999 _a306.7 B17
_wDEWEY
_c33261
_i51536
_d33261
_e2016-4-17
_f2019-12-11
_g4
_lDISCARD
_mBUL
_n3
_p15.00
_r1
_sY
_tBOOK
_u2015-6-24
_xUNKNOWN
_PP35
_0COMPRA
_o.STAFF. Colección Teología
999 _a306.7 B17
_wDEWEY
_c2
_i50966
_f2021-11-4
_g5
_lCCODEBUL1
_mBUL
_p15.00
_r0
_sY
_tBOOK
_u2015-6-24
_xBIBLIOTECA
_PP35
_0COMPRA
_o.STAFF. Colección Teología
980 _81
_gALBERTO SANCHEZ Responsable de Automatización